Представление документа в формате MARC21

Поле Инд. ПП Название Значение
Тип записи a
Библиографический уровень m
001 Контрольный номер 001331687
005 Дата корректировки 20140227140756.7
020 c Цена, тираж 1 р. 70 к.
040 a Служба первич. каталог. RKP
a Служба первич. каталог. НБ ТвГУ
e Правила каталог. PSBO
041 a Код языка текста rus
080 a Индекс УДК 94(47)"1941/45"
084 a Индекс другой классификации/Индекс ББК Т3(2)622-8
090 a Полочн. индекс Т3(2)722
x Авторский знак П 51
245 10 a Заглавие Полководцы и военачальники Великой Отечественной
b Продолж. заглавия сборник
c Ответственность [сост. А. Н. Киселев ; ред. В. Е. Быстров]
250 a Основные сведения об издании [2-е изд.]
260 a Место издания Москва
b Издательство Молодая гвардия
c Дата издания 1986
300 a Объем 365,[2] с., [16] л. ил.
c Размеры 21 см
440 2 0
a Серия Жизнь замечательных людей : серия биографий / основана в 1890 году Ф. Павленковым и продолжена в 1933 году М. Горьким
v N тома вып. 17 (655)
653 a Ключевые слова 1941-1945 гг.
a Ключевые слова 20 в.
a Ключевые слова Военачальники
a Ключевые слова Вооруженные Силы
a Ключевые слова История России
a Ключевые слова История СССР
a Ключевые слова Полководцы
a Ключевые слова Россия
a Ключевые слова Сборники
a Ключевые слова СССР
653 a Ключевые слова Великая Отечественная война
700 1_ a Другие авторы Киселев А. Н.
e Роль лиц сост.
700 1_ a Другие авторы Быстров В. Е.
c Титул (звание) канд. ист. наук
e Роль лиц ред.
901 t Тип документа m
920 a Оператор Бочк
930 a Новая/Ретро сборники
954 a Дата поступления на обработку 20101027